000 00875nas a2200301 4500
001 BR2016003219
003 BR-BrBNA
005 20231205130505.0
007 ta
008 230509b bl.|||p| |||| 00| 00por d
040 _aBR-BrBNA
_bpor
_cBiblioteca Nacional de Agricultura
041 _a(Pt)
072 _aQ02
100 1 _aLavich, B.P.
100 1 _aBasso, C.
245 1 _aProdutos de panificação elaborados com bagaço cervejeiro
650 _aPRODUTO DE PANIFICAÇÃO
650 _aCONSUMIDOR
650 _aCERVEJA
650 _aRESÍDUO
650 _aBAGAÇO
650 _aANÁLISE QUÍMICA
650 _aANÁLISE ORGANOLÉPTICA
650 _aVALOR NUTRITIVO
773 0 _tHigiene Alimentar (Brazil)
_xISSN 0101-9171
_g(Mar-Apr 2016), v. 30(254-255) p. 128-133
_wBR2016003219
909 _a202311
_bLúcia
_c55
_dLúcia Elande
942 _2AGRIS
_n0
_cANA
999 _c249727
_d249727